[Event "Ho Chi Minh City HD Bank op 2nd"]
[Site "Ho Chi Minh City"]
[Date "2012.03.06"]
[Round "7"]
[White "Eng, Andre Jerome"]
[Black "Tran, Ngoc Lan"]
[Result "1/2-1/2"]
[WhiteElo "2245"]
[BlackElo "2201"]
[PlyCount "110"]
[EventDate "2012.03.02"]
[EventType "swiss"]
[EventRounds "9"]
[EventCountry "VIE"]
[SourceTitle "CBM 147 Extra"]
[Source "ChessBase"]
[SourceDate "2012.04.24"]
[SourceVersion "1"]
[SourceVersionDate "2012.04.24"]
[SourceQuality "1"]

1. e4 e5 2. Nf3 Nc6 3. Bb5 a6 4. Ba4 Nf6 5. 0-0 Be7 6. Bxc6 dxc6 7. Nxe5 Nxe4 8. Qe2 Nf6 9. Re1 Be6 10. d3 Nd7 11. Bf4 Nxe5 12. Bxe5 0-0 13. Qf3 Bd6 14. Nc3 Re8 15. Qg3 f6 16. Bxd6 Qxd6 17. Ne4 Qxg3 18. Nxg3 c5 19. Re3 Kf7 20. Rae1 Bd7 21. Ne2 Rxe3 22. fxe3 Re8 23. Kf2 a5 24. Nc3 Re6 25. Nd5 Bc6 26. Nc3 Rd6 27. e4 b5 28. Ke3 Bd7 29. Rf1 Re6 30. Nd5 c6 31. Nb6 Be8 32. a4 Ke7 33. c3 Kd8 34. axb5 cxb5 35. Nd5 Bc6 36. Kd2 c4 37. Rf5 cxd3 38. Kxd3 Kd7 39. Kd4 Kd6 40. c4 bxc4 41. Nc3 a4 42. Ra5 Re7 43. Ra6 Rb7 44. Nxa4 Rb4 45. Nb6 Kc7 46. Nxc4 Bxe4 47. Kc5 Rb3 48. Re6 Bd3 49. Re7+ Kd8 50. Rxg7 Bxc4 51. Kxc4 Rxb2 52. Kd5 Re2 53. g4 Rxh2 54. Ke6 h5 55. gxh5 Rxh5 1/2-1/2

[Event "Ho Chi Minh City HD Bank op 2nd"]
[Site "Ho Chi Minh City"]
[Date "2012.03.04"]
[Round "4"]
[White "Wolfaardt, Francois"]
[Black "Eng, Andre Jerome"]
[Result "0-1"]
[WhiteElo "1783"]
[BlackElo "2245"]
[PlyCount "56"]
[EventDate "2012.03.02"]
[EventType "swiss"]
[EventRounds "9"]
[EventCountry "VIE"]
[SourceTitle "CBM 147 Extra"]
[Source "ChessBase"]
[SourceDate "2012.04.24"]
[SourceVersion "1"]
[SourceVersionDate "2012.04.24"]
[SourceQuality "1"]

1. b3 Nf6 2. Bb2 d6 3. Nf3 e5 4. d3 g6 5. g3 Bg7 6. Bg2 0-0 7. 0-0 Nc6 8. c4 Nh5 9. Nbd2 e4 10. Bxg7 exf3 11. Bxf8 fxg2 12. Kxg2 Qxf8 13. f3 Qh6 14. Ne4 Bh3+ 15. Kf2 f5 16. Rg1 fxe4 17. dxe4 Be6 18. Qc1 Qg7 19. e3 Ne5 20. Ke2 Rf8 21. Rf1 Nxf3 22. Rf2 Bg4 23. Kf1 Nxh2+ 24. Kg2 Rxf2+ 25. Kxf2 Qf6+ 26. Kg1 Nxg3 27. Qc2 Ne2+ 28. Kxh2 Qf2+ 0-1

[Event "Ho Chi Minh City HD Bank op 2nd"]
[Site "Ho Chi Minh City"]
[Date "2012.03.02"]
[Round "1"]
[White "Eng, Andre Jerome"]
[Black "Cao, Sang"]
[Result "0-1"]
[WhiteElo "2245"]
[BlackElo "2526"]
[PlyCount "64"]
[EventDate "2012.03.02"]
[EventType "swiss"]
[EventRounds "9"]
[EventCountry "VIE"]
[SourceTitle "CBM 147 Extra"]
[Source "ChessBase"]
[SourceDate "2012.04.24"]
[SourceVersion "1"]
[SourceVersionDate "2012.04.24"]
[SourceQuality "1"]

1. e4 e6 2. d4 d5 3. Nc3 Bb4 4. e5 c5 5. Bd2 Ne7 6. a3 Bxc3 7. Bxc3 cxd4 8. Qxd4 Nbc6 9. Qg4 Nf5 10. Nf3 Qb6 11. b4 Bd7 12. Bd3 Nce7 13. a4 Rc8 14. Bd2 Ng6 15. 0-0 Qd8 16. Rfe1 0-0 17. Ng5 h6 18. Nxe6 Bxe6 19. Bxf5 Qd7 20. Bxe6 Qxe6 21. Qxe6 fxe6 22. c3 a6 23. g3 Rf3 24. Re2 Ne7 25. Rc1 Rd3 26. f4 Rc4 27. Rf1 Nf5 28. Be1 h5 29. Rb2 Re4 30. Bd2 h4 31. g4 Nh6 32. Re1 Rxd2 0-1

[Event "Thailand op 11th"]
[Site "Pattaya"]
[Date "2011.04.12"]
[Round "3"]
[White "Hansen, Sune Berg"]
[Black "Eng, Andre Jerome"]
[Result "1-0"]
[WhiteElo "2603"]
[BlackElo "2150"]
[PlyCount "81"]
[EventDate "2011.04.11"]
[EventType "swiss"]
[EventRounds "9"]
[EventCountry "THA"]
[SourceTitle "CBM 141 Extra"]
[Source "ChessBase"]
[SourceDate "2011.05.03"]
[SourceVersion "1"]
[SourceVersionDate "2011.05.03"]
[SourceQuality "1"]

1. c4 Nf6 2. g3 g6 3. Bg2 Bg7 4. Nc3 0-0 5. e4 d6 6. Nge2 Nc6 7. 0-0 e5 8. d3 Bd7 9. h3 Nd4 10. Nxd4 exd4 11. Ne2 Ne8 12. f4 Qc8 13. g4 f5 14. exf5 gxf5 15. g5 c6 16. Bd2 Nc7 17. Ng3 Be6 18. Re1 Qd7 19. Qf3 Rab8 20. Re2 d5 21. c5 b6 22. cxb6 axb6 23. h4 Rbe8 24. Bh3 Nb5 25. Rae1 Nc7 26. Kh2 Qf7 27. h5 Bd7 28. h6 Bh8 29. Bf1 c5 30. Rc1 Bb5 31. Bh3 Bd7 32. Rg2 Rc8 33. Nh5 Rfd8 34. Re1 Kf8 35. Nf6 Ne8 36. Nxh7+ Qxh7 37. Qh5 Qf7 38. g6 Qf6 39. Re5 Qd6 40. g7+ Nxg7 41. Qg5 1-0

[Event "Vlissingen HZ op 14th"]
[Site "Vlissingen"]
[Date "2010.08.14"]
[Round "9"]
[White "Afek, Yochanan"]
[Black "Eng, Andre Jerome"]
[Result "1-0"]
[WhiteElo "2310"]
[BlackElo "2086"]
[PlyCount "119"]
[EventDate "2010.08.07"]
[EventType "swiss"]
[EventRounds "9"]
[EventCountry "NED"]
[SourceTitle "CBM 137 Extra"]
[Source "ChessBase"]
[SourceDate "2010.09.01"]
[SourceVersion "1"]
[SourceVersionDate "2010.09.01"]
[SourceQuality "1"]

1. e4 c5 2. Nf3 e6 3. c3 Nf6 4. e5 Nd5 5. Bc4 Nb6 6. Be2 d6 7. 0-0 dxe5 8. Nxe5 Bd6 9. d4 0-0 10. Bd3 N8d7 11. Re1 Qc7 12. Qh5 g6 13. Qe2 Re8 14. Bh6 Bf8 15. Bxf8 Nxf8 16. dxc5 Qxc5 17. Nd2 Nbd7 18. Nec4 f5 19. Rad1 b6 20. Qf3 Ba6 21. Qg3 Nf6 22. Nb3 Qe7 23. Nd4 Bxc4 24. Bxc4 Nh5 25. Qe5 Ng7 26. f4 Rac8 27. Bb3 Qc5 28. Qxc5 Rxc5 29. Rd2 Kf7 30. Rde2 Kf6 31. Nf3 Rd8 32. Nd4 Rd6 33. g3 a6 34. a4 Rc8 35. Bc2 g5 36. fxg5+ Kxg5 37. Bd3 a5 38. Bc2 Kf6 39. Bb3 Re8 40. g4 f4 41. h4 h6 42. Re4 e5 43. Nf3 Nd7 44. Bc4 Nc5 45. Rxe5 Rxe5 46. Rxe5 Nxa4 47. Re4 Nxb2 48. Rxf4+ Ke7 49. Rf7+ Kd8 50. Bb5 Ne8 51. Nd4 Nc7 52. Nc6+ Rxc6 53. Bxc6 a4 54. Bxa4 Nxa4 55. g5 hxg5 56. h5 Ne6 57. h6 Ke8 58. Ra7 Nf8 59. Rxa4 Kf7 60. Ra6 1-0

[Event "Vlissingen HZ op 14th"]
[Site "Vlissingen"]
[Date "2010.08.09"]
[Round "4"]
[White "Eng, Andre Jerome"]
[Black "De Vleeschauwer, Maarten"]
[Result "1/2-1/2"]
[WhiteElo "2086"]
[BlackElo "1846"]
[PlyCount "92"]
[EventDate "2010.08.07"]
[EventType "swiss"]
[EventRounds "9"]
[EventCountry "NED"]
[SourceTitle "CBM 137 Extra"]
[Source "ChessBase"]
[SourceDate "2010.09.01"]
[SourceVersion "1"]
[SourceVersionDate "2010.09.01"]
[SourceQuality "1"]

1. e4 e6 2. d4 d5 3. Nc3 Nf6 4. Bg5 dxe4 5. Nxe4 Be7 6. Bxf6 Bxf6 7. c3 Bd7 8. Bd3 Bc6 9. Nf3 Nd7 10. 0-0 Be7 11. Qc2 h6 12. Rad1 Nf6 13. Ne5 Nxe4 14. Nxc6 bxc6 15. Bxe4 0-0 16. Bxc6 Rb8 17. f4 Qd6 18. Be4 c5 19. Kh1 cxd4 20. Rxd4 Qb6 21. b3 Rfe8 22. Rd3 Bf6 23. Rh3 Qa5 24. Rff3 Red8 25. g4 Rd6 26. Rh5 Qd8 27. Rf2 Rc8 28. c4 Bh4 29. Re2 Rd1+ 30. Kg2 Qd4 31. Rxh4 Qg1+ 32. Kh3 Rcd8 33. Rg2 Qf1 34. Qf2 R8d3+ 35. Bxd3 Rxd3+ 36. Qg3 Rxg3+ 37. Kxg3 Qe1+ 38. Rf2 Qg1+ 39. Kf3 Qh1+ 40. Ke3 Qe1+ 41. Kf3 Qh1+ 42. Ke2 Qe4+ 43. Kd2 Qd4+ 44. Ke2 Qe4+ 45. Kf1 Qh1+ 46. Ke2 Qe4+ 1/2-1/2

[Event "Kuala Lumpur op 5th"]
[Site "Kuala Lumpur"]
[Date "2008.08.23"]
[Round "9"]
[White "Eng, Andre Jerome"]
[Black "Bennett, Hilton Petrie"]
[Result "1-0"]
[WhiteElo "2003"]
[BlackElo "2043"]
[PlyCount "76"]
[EventDate "2008.08.18"]
[EventType "swiss"]
[EventRounds "11"]
[EventCountry "MAS"]
[SourceTitle "CBM 126 Extra"]
[Source "ChessBase"]
[SourceDate "2008.11.05"]
[SourceVersion "1"]
[SourceVersionDate "2008.11.05"]
[SourceQuality "1"]

1. e4 d5 2. exd5 Nf6 3. Nc3 Nxd5 4. Bc4 Nb6 5. Bb3 Nc6 6. Nf3 Bf5 7. 0-0 e6 8. d4 Be7 9. Bf4 0-0 10. Qd2 Bf6 11. Nb5 Rc8 12. c3 a6 13. Na3 e5 14. Be3 exd4 15. cxd4 Be4 16. Nc2 Bxf3 17. gxf3 Nd5 18. Kh1 Nce7 19. Rad1 Qd6 20. Rg1 Ng6 21. Ne1 Rcd8 22. Nd3 c6 23. Nc5 Qc7 24. Rg3 Be7 25. Bg5 Rfe8 26. Ne4 Bxg5 27. Qxg5 Qe7 28. Qd2 Qc7 29. Rdg1 Ndf4 30. h4 Qd7 31. Nf6+ gxf6 32. Qxf4 Qxd4 33. Qh6 Rd5 34. Bxd5 cxd5 35. Rh3 Qxf2 36. Qc1 Re3 37. h5 Rxf3 38. Qc8+ Kg7 1-0

[Event "Kuala Lumpur op 5th"]
[Site "Kuala Lumpur"]
[Date "2008.08.22"]
[Round "8"]
[White "Haessler, Carl A"]
[Black "Eng, Andre Jerome"]
[Result "1-0"]
[WhiteElo "2147"]
[BlackElo "2003"]
[PlyCount "101"]
[EventDate "2008.08.18"]
[EventType "swiss"]
[EventRounds "11"]
[EventCountry "MAS"]
[SourceTitle "CBM 126 Extra"]
[Source "ChessBase"]
[SourceDate "2008.11.05"]
[SourceVersion "1"]
[SourceVersionDate "2008.11.05"]
[SourceQuality "1"]

1. e4 c5 2. Nf3 e6 3. d3 b5 4. g3 Bb7 5. Bg2 Qc7 6. 0-0 d6 7. Re1 Nc6 8. a4 b4 9. Nbd2 Nf6 10. Nc4 Be7 11. b3 0-0 12. Bb2 Rfe8 13. h4 Rad8 14. Ne3 Nd7 15. Ng4 Nde5 16. Ngxe5 dxe5 17. Nh2 Nd4 18. Rc1 Rd7 19. Qg4 g6 20. Qh3 Bf8 21. g4 f6 22. Qg3 Rf7 23. Nf3 Bg7 24. g5 f5 25. Bxd4 cxd4 26. exf5 gxf5 27. Nd2 Bd5 28. Bf3 Ref8 29. h5 Rc8 30. h6 Bh8 31. Kh1 Kf8 32. Nc4 e4 33. dxe4 Bxc4 34. bxc4 Qxg3 35. fxg3 Rxc4 36. Bh5 Re7 37. Rf1 Rc5 38. g4 Rec7 39. exf5 exf5 40. Rce1 Re7 41. gxf5 Re3 42. Rxe3 dxe3 43. g6 hxg6 44. fxg6+ Kg8 45. Bg4 Rc6 46. Rd1 Bf6 47. Rd7 Bg5 48. h7+ Kh8 49. Rxa7 Rxg6 50. Ra8+ Kxh7 51. Bf5 1-0

[Event "Kuala Lumpur op 5th"]
[Site "Kuala Lumpur"]
[Date "2008.08.19"]
[Round "4"]
[White "Castellano, Christopher"]
[Black "Eng, Andre Jerome"]
[Result "1-0"]
[WhiteElo "2249"]
[BlackElo "2003"]
[PlyCount "75"]
[EventDate "2008.08.18"]
[EventType "swiss"]
[EventRounds "11"]
[EventCountry "MAS"]
[SourceTitle "CBM 126 Extra"]
[Source "ChessBase"]
[SourceDate "2008.11.05"]
[SourceVersion "1"]
[SourceVersionDate "2008.11.05"]
[SourceQuality "1"]

1. e4 c5 2. Nf3 e6 3. c3 Nf6 4. e5 Nd5 5. c4 Nb6 6. d4 cxd4 7. Qxd4 Nc6 8. Qe4 f5 9. Qc2 Qc7 10. Bf4 h6 11. h4 Nb4 12. Qc1 d5 13. a3 Nc6 14. c5 Nd7 15. b4 Be7 16. Nc3 a6 17. Qe3 Nf8 18. h5 Qd8 19. Rd1 Nh7 20. Bc4 Ng5 21. Nxd5 exd5 22. Bxd5 Ne6 23. Bxc6+ bxc6 24. Rxd8+ Kxd8 25. 0-0 Kc7 26. Rd1 Bd7 27. Rxd7+ Kxd7 28. Qd3+ Kc7 29. Qxf5 Nxf4 30. Qxf4 a5 31. Qf7 Rhe8 32. Nd4 axb4 33. axb4 Rab8 34. Qg6 Bf8 35. Qxc6+ Kd8 36. e6 Ke7 37. Qd7+ Kf6 38. Qf7+ 1-0

[Event "Singapore Masters 3rd"]
[Site "Singapore"]
[Date "2006.12.30"]
[Round "9"]
[White "Eng, Andre Jerome"]
[Black "Lou, Hongyu"]
[Result "1/2-1/2"]
[WhiteElo "1976"]
[BlackElo "2134"]
[PlyCount "43"]
[EventDate "2006.12.26"]
[EventType "swiss"]
[EventRounds "9"]
[EventCountry "SIN"]
[SourceTitle "CBM 116 Extra"]
[Source "ChessBase"]
[SourceDate "2007.03.07"]
[SourceVersion "1"]
[SourceVersionDate "2007.03.07"]
[SourceQuality "1"]

1. e4 c5 2. Nf3 d6 3. d4 cxd4 4. Nxd4 Nf6 5. Nc3 a6 6. Be2 e6 7. 0-0 Be7 8. Be3 0-0 9. f4 Nc6 10. Nb3 b5 11. a3 Bb7 12. Qe1 Kh8 13. Qg3 Na5 14. Nxa5 Qxa5 15. Bd3 d5 16. Bd4 dxe4 17. Nxe4 Bxe4 18. Bxe4 Bc5 19. Bxc5 Nxe4 20. Qe3 Nxc5 21. Qxc5 Rac8 22. Qf2 1/2-1/2

[Event "Vlissingen HZ op 10th"]
[Site "Vlissingen"]
[Date "2006.08.11"]
[Round "8"]
[White "Zomer, Koos"]
[Black "Eng, Andre Jerome"]
[Result "0-1"]
[WhiteElo "2113"]
[BlackElo "1947"]
[PlyCount "52"]
[EventDate "2006.08.05"]
[EventType "swiss"]
[EventRounds "9"]
[EventCountry "NED"]
[SourceTitle "CBM 113 Extra"]
[Source "ChessBase"]
[SourceDate "2006.09.14"]
[SourceVersion "1"]
[SourceVersionDate "2006.09.14"]
[SourceQuality "1"]

1. d4 Nf6 2. Nf3 c5 3. dxc5 e6 4. a3 a5 5. Bf4 Bxc5 6. e3 d5 7. Nc3 Nc6 8. Bb5 0-0 9. 0-0 Bd7 10. Qe2 Qe7 11. Rad1 Rac8 12. Bxc6 Bxc6 13. Ne5 Bd6 14. Nxc6 bxc6 15. Bxd6 Qxd6 16. e4 Qb8 17. Rd3 dxe4 18. Nxe4 Qxb2 19. Nd6 Rb8 20. Nc4 Qb5 21. Nd6 Qc5 22. c4 a4 23. Qe3 Qxe3 24. fxe3 Rfd8 25. Rfd1 Rb3 26. Rxb3 axb3 0-1

[Event "Vlissingen HZ op 10th"]
[Site "Vlissingen"]
[Date "2006.08.10"]
[Round "7"]
[White "Eng, Andre Jerome"]
[Black "Pex, Cyriel"]
[Result "1/2-1/2"]
[WhiteElo "1947"]
[BlackElo "2132"]
[PlyCount "68"]
[EventDate "2006.08.05"]
[EventType "swiss"]
[EventRounds "9"]
[EventCountry "NED"]
[SourceTitle "CBM 113 Extra"]
[Source "ChessBase"]
[SourceDate "2006.09.14"]
[SourceVersion "1"]
[SourceVersionDate "2006.09.14"]
[SourceQuality "1"]

1. e4 c5 2. d4 cxd4 3. c3 Nf6 4. e5 Nd5 5. Qxd4 e6 6. Nf3 Qc7 7. Bc4 Nc6 8. Qe4 Nb6 9. Bb3 d6 10. exd6 Bxd6 11. Be3 Nd7 12. Nbd2 Nf6 13. Qh4 Ne7 14. Ne4 Nxe4 15. Qxe4 Bd7 16. 0-0-0 Bc6 17. Ba4 0-0-0 18. Bxc6 Nxc6 19. Kb1 a6 20. Rd2 Ne7 21. Ng5 Nf5 22. Rhd1 Nxe3 23. Qxe3 Qe7 24. Nxf7 Qxf7 25. Rxd6 Rxd6 26. Rxd6 Qg6+ 27. Kc1 Qxg2 28. h3 Qf1+ 29. Kc2 Kb8 30. Rxe6 Rd8 31. Kb3 Qb5+ 32. Ka3 Qa5+ 33. Kb3 Qb5+ 34. Ka3 Qa5+ 1/2-1/2

[Event "Wch U10"]
[Site "Belfort"]
[Date "2005.07.28"]
[Round "11"]
[White "Eng, Andre Jerome"]
[Black "Altarboush, Wared"]
[Result "0-1"]
[WhiteElo "1599"]
[BlackElo "1599"]
[PlyCount "176"]
[EventDate "2005.07.19"]
[EventType "swiss"]
[EventRounds "11"]
[EventCountry "FRA"]
[SourceTitle "CBM 107 Extra"]
[Source "ChessBase"]
[SourceDate "2005.09.01"]
[SourceVersion "1"]
[SourceVersionDate "2005.09.01"]
[SourceQuality "1"]

1. c4 e5 2. e3 Nf6 3. Qc2 Nc6 4. a3 a5 5. b3 g6 6. Bb2 d6 7. d3 Bg7 8. Nd2 0-0 9. Ngf3 Re8 10. Be2 Bf5 11. Rc1 Nd7 12. 0-0 Qe7 13. Ne4 Bxe4 14. dxe4 Nc5 15. Rfd1 Rf8 16. Bc3 f5 17. exf5 gxf5 18. b4 Ne4 19. Be1 Kh8 20. b5 Nd8 21. Nd2 Nc5 22. Nb3 Nxb3 23. Qxb3 Ne6 24. a4 Nc5 25. Qc2 b6 26. Bc3 e4 27. Bd2 Rg8 28. f3 Be5 29. f4 Bf6 30. Bf1 Kg7 31. Be1 Kf7 32. Rd5 Ke6 33. Qd1 Qg7 34. g3 Qg4 35. Qc2 Ke7 36. Be2 Qg6 37. Qd1 Bh8 38. Bh5 Qe6 39. Be2 Raf8 40. Bf2 Kd8 41. Kf1 Kc8 42. Ke1 Bb2 43. Rb1 Bc3+ 44. Kf1 Kb8 45. Qc2 Bb4 46. Ra1 Qf6 47. Rc1 Qh6 48. Kg2 Qg7 49. Rd4 Ne6 50. Rd5 Bc5 51. Rg1 Bb4 52. Rc1 Nc5 53. Rd4 Qf7 54. Rg1 Qf6 55. Rc1 Rh8 56. Rg1 Rfg8 57. Kf1 h5 58. Qd1 h4 59. Qc2 hxg3 60. Bxg3 Qe6 61. Rd5 Qf6 62. Rd4 Qh6 63. Kf2 Ne6 64. Rd5 Bc5 65. Rxf5 Rxg3 66. hxg3 Qh2+ 67. Rg2 Bxe3+ 68. Kxe3 Qxg2 69. Qxe4 Qxg3+ 70. Kd2 Nc5 71. Rxc5 dxc5 72. Bf3 Qf2+ 73. Kc3 Qd4+ 74. Qxd4 cxd4+ 75. Kxd4 Kc8 76. f5 Kd8 77. Kd5 Rh4 78. Be4 Ke7 79. Ke5 Rh2 80. f6+ Kf8 81. Bf3 Rc2 82. Bd1 Rxc4 83. Kd5 Rc5+ 84. Ke6 c6 85. bxc6 Rxc6+ 86. Ke5 Rc4 87. Bb3 Rb4 88. Bd1 b5 0-1

[Event "Wch U10"]
[Site "Belfort"]
[Date "2005.07.23"]
[Round "5"]
[White "Eng, Andre Jerome"]
[Black "Bukavshin, Ivan"]
[Result "0-1"]
[WhiteElo "1599"]
[BlackElo "2029"]
[PlyCount "142"]
[EventDate "2005.07.19"]
[EventType "swiss"]
[EventRounds "11"]
[EventCountry "FRA"]
[SourceTitle "CBM 107 Extra"]
[Source "ChessBase"]
[SourceDate "2005.09.01"]
[SourceVersion "1"]
[SourceVersionDate "2005.09.01"]
[SourceQuality "1"]

1. e4 c5 2. d4 cxd4 3. c3 d3 4. c4 Nc6 5. Nc3 d6 6. Bxd3 g6 7. Be3 Bg7 8. Nge2 Nf6 9. f3 0-0 10. Rc1 Nd7 11. b3 Nc5 12. Bb1 b6 13. 0-0 Bb7 14. Qd2 Rc8 15. Rfd1 Qd7 16. Nb5 Rfd8 17. Ned4 Ne6 18. Nxc6 Bxc6 19. Nc3 Qb7 20. Nd5 Re8 21. Qf2 Nc5 22. Rd2 a5 23. Rcd1 Rcd8 24. Bc2 Rb8 25. Bd4 Bxd4 26. Qxd4 Ne6 27. Qe3 b5 28. cxb5 Bxb5 29. f4 Nc7 30. f5 Nxd5 31. Rxd5 Rec8 32. Bb1 Qb6 33. Qxb6 Rxb6 34. Kf2 Rcc6 35. R1d2 Kg7 36. Bd3 Bxd3 37. R5xd3 Rb4 38. Kf3 gxf5 39. exf5 Rc1 40. h3 Rf1+ 41. Ke2 Rxf5 42. g4 Re5+ 43. Kf3 Re1 44. Rc2 Ra1 45. Re3 e6 46. Ree2 a4 47. bxa4 Rxa4 48. Red2 d5 49. Rf2 Ra7 50. Kg3 f6 51. Rce2 e5 52. Kg2 h6 53. Rd2 Ra5 54. Kg3 Kg6 55. Kh4 d4 56. Kg3 Ra3+ 57. Kg2 Ra4 58. Kf3 f5 59. gxf5+ Kxf5 60. Kg3+ Ke6 61. Rfe2 Kd5 62. Kf2 e4 63. Kg3 Ra3+ 64. Kh2 d3 65. Rg2 Ke5 66. Rb2 Ra4 67. h4 Rc4 68. h5 Rac1 69. Rb8 R4c2 70. Re8+ Kd4 71. Rd8+ Ke3 0-1

[Event "Wch U10"]
[Site "Belfort"]
[Date "2005.07.20"]
[Round "2"]
[White "Moussard, Jules"]
[Black "Eng, Andre Jerome"]
[Result "0-1"]
[WhiteElo "2054"]
[BlackElo "1599"]
[PlyCount "76"]
[EventDate "2005.07.19"]
[EventType "swiss"]
[EventRounds "11"]
[EventCountry "FRA"]
[SourceTitle "CBM 107 Extra"]
[Source "ChessBase"]
[SourceDate "2005.09.01"]
[SourceVersion "1"]
[SourceVersionDate "2005.09.01"]
[SourceQuality "1"]

1. e4 c5 2. Nf3 e6 3. d4 cxd4 4. Nxd4 a6 5. c4 Nf6 6. Nc3 Bb4 7. Qc2 Nc6 8. Nxc6 dxc6 9. Bd3 e5 10. 0-0 0-0 11. a3 Bc5 12. b4 Bd4 13. Rb1 Be6 14. c5 Qd7 15. Ne2 Rfd8 16. Rd1 Ng4 17. Nxd4 exd4 18. f4 f6 19. h3 Nh6 20. f5 Bf7 21. Bxh6 gxh6 22. Qd2 Kg7 23. Qf4 Qe7 24. Qg4+ Kh8 25. Qh4 Qe5 26. Rf1 Rg8 27. Qxh6 Qg3 28. Qd2 Qxh3 29. Rbe1 Rxg2+ 30. Qxg2 Rg8 31. Qxg8+ Bxg8 32. Bc2 Qg3+ 33. Kh1 Bc4 34. a4 d3 35. Bd1 d2 36. Re2 Bxe2 37. Bxe2 Qe1 38. Kg1 Qxe2 0-1